000 01860nam a2200445 a 4500
001 ebr10642711
003 CaPaEBR
006 m u
007 cr cn|||||||||
008 110321s2011 pauad sb 001 0 eng d
010 _z 2011012391
020 _z9780812243536 (hardcover : alk. paper)
020 _z9780812222647
020 _z9780812205084 (e-book)
040 _aCaPaEBR
_cCaPaEBR
035 _a(OCoLC)793012562
050 1 4 _aRA564.85
_b.W666524 2011eb
082 0 4 _a362.1082
_222
245 0 0 _aWomen's health and the world's cities
_h[electronic resource] /
_cedited by Afaf Ibrahim Meleis, Eugenie L. Birch, and Susan M. Wachter.
250 _a1st ed.
260 _aPhiladelphia :
_bUniversity of Pennsylvania Press,
_cc2011.
300 _axiii, 332 p. :
_bill.
490 1 _aThe city in the twenty-first century
504 _aIncludes bibliographical references (p. 281-304) and index.
505 0 _apt. I. Women's health in urban areas -- pt. II. Urbanization, space, and geography -- pt. III. Models of excellence.
533 _aElectronic reproduction.
_bPalo Alto, Calif. :
_cebrary,
_d2013.
_nAvailable via World Wide Web.
_nAccess may be limited to ebrary affiliated libraries.
650 0 _aUrban women
_xHealth and hygiene.
650 0 _aUrban women
_xSocial conditions.
650 0 _aUrban health.
650 0 _aWomen's health services.
650 0 _aUrbanization
_xEnvironmental aspects.
650 0 _aUrbanization
_xSocial aspects.
655 7 _aElectronic books.
_2local
700 1 _aMeleis, Afaf Ibrahim.
700 1 _aBirch, Eugenie Ladner.
700 1 _aWachter, Susan M.
710 2 _aebrary, Inc.
830 0 _aCity in the twenty-first century book series.
856 4 0 _uhttp://site.ebrary.com/lib/rucke/Doc?id=10642711
_zAn electronic book accessible through the World Wide Web; click to view
999 _c43928
_d43928